La Suisse pour les touristes... - Facile - Statistiques

Statistiques générales
  • Ce quiz a été pris 94 fois
    79 depuis la dernière actualisation
  • Le résultat moyen est 17 sur 20
Statistiques - réponses
Question Indice Réponses Indice facile % Correct
Quelle sont les langues officielles ? Allemand
100%
Quelle sont les langues officielles ? Français
100%
Quelles villes visiter ? B Berne BRENE
99%
Quelle sont les langues officielles ? Italien
99%
La conduite se fait à droite ou à gauche ? Droite
94%
Dans la capitale y-a-t-il un décalage horaire avec Paris ? (oui/non) Non
94%
Le suffixe internet est ch
93%
La vitesse est limitée sur autoroute à {120} km/h
91%
Quelles villes visiter ? B Bâle BEAL
89%
Quelles villes visiter ? F Fribourg FOURBIRG
89%
Quelles villes visiter ? G Genève VENGEE
89%
Achats à faire 1/ Douceur cacaotée Chocolat
86%
Quelle est la monnaie ? Franc suisse F
86%
Quelle sont les langues officielles ? Romanche
84%
Quelles autres langues sont répandues ? A Anglais
81%
Achats à faire 3/ Normalement pour les vaches Cloche COCHEL
80%
Le taux d'alcoolémie toléré au volant est de {0.5} g/l
76%
Quelles villes visiter ? A Appenzell LNAPPELEZ
61%
Achats à faire 2/ Couteau Victorinox CORNIOTIVX
54%
La religion majoritaire est Catholicisme C
44%
Aucun quiz correspondant
Distribution des résultats
% des personnes avec chaque résultat
Percentile par nombre de réponses
Votre historique - résultats
Vous n’avez pas pris ce quiz depuis la dernière actualisation